| 000 | 01195cam a22003614a 4500 | ||
|---|---|---|---|
| 005 | 20260322212021.0 | ||
| 008 | data | ||
| 010 | _a 2003042334 | ||
| 020 | _a140130057X | ||
| 020 | _a9781401300579 | ||
| 040 |
_aDLC _cDLC _dDLC |
||
| 042 | _apcc | ||
| 043 |
_an-us-ma _an-us-ma |
||
| 050 | 0 | 0 |
_aGV865.A1 _bH33 2003 |
| 082 | 0 | 0 |
_aB _aB _221 |
| 092 | _a796.35 H33 2003 | ||
| 100 | 1 | _aHalberstam, David. | |
| 245 | 1 | 4 |
_aThe teammates / _cDavid Halberstam. |
| 250 | _a1st ed. | ||
| 260 |
_aNew York : _bHyperion, _cc2003. |
||
| 300 |
_a217 p. : _bill. ; _c22 cm. |
||
| 600 | 1 | 0 |
_aWilliams, Ted, _d1918-2002. |
| 600 | 1 | 0 |
_aDoerr, Bobby, _d1918- |
| 600 | 1 | 0 | _aDiMaggio, Dom. |
| 600 | 1 | 0 |
_aPesky, Johnny, _d1919- |
| 610 | 2 | 0 | _aBoston Red Sox (Baseball team) |
| 650 | 0 |
_aBaseball players _zUnited States _vBiography. |
|
| 650 | 0 |
_aMale friendship _zUnited States. |
|
| 906 |
_a7 _bcbc _corignew _d1 _eocip _f20 _gy-gencatlg |
||
| 925 | 0 |
_aacquire _b2 shelf copies _xpolicy default |
|
| 955 |
_dsj13 2003-03-05 _esj05 2003-03-07 to Dewey; _fpv03 2003-08-27 CIP ver. to BCCD |
||
| 001 | data | ||
| 999 |
_c466 _d466 |
||